ბათუმის შოთა რუსთაველის სახელმწიფო უნივერსიტეტის ბიბლიოთეკა

Курс высшей алгебры (ბიბ.ჩანაწერი № 39058)

000 -LEADER
fixed length control field 00591nam a2200217Ia 4500
001 - CONTROL NUMBER
control field 5599
003 - CONTROL NUMBER IDENTIFIER
control field GE_BSU
008 - FIXED-LENGTH DATA ELEMENTS--GENERAL INFORMATION
fixed length control field 181216s||||||||xx |||||||||||||| ||und||
040 ## - CATALOGING SOURCE
Transcribing agency GE_BSU
080 ## - UNIVERSAL DECIMAL CLASSIFICATION NUMBER
Universal Decimal Classification number 512(075.8)
100 ## - MAIN ENTRY--PERSONAL NAME
Personal name Курош, А.Г.
245 ## - TITLE STATEMENT
Title Курс высшей алгебры
245 ## - TITLE STATEMENT
Remainder of title Учебник для гос гос-ун-тов
250 ## - EDITION STATEMENT
Edition statement изд.10-е
260 ## - PUBLICATION, DISTRIBUTION, ETC.
Place of publication, distribution, etc. Москва
260 ## - PUBLICATION, DISTRIBUTION, ETC.
Name of publisher, distributor, etc. Наука
260 ## - PUBLICATION, DISTRIBUTION, ETC.
Date of publication, distribution, etc. 1971
300 ## - PHYSICAL DESCRIPTION
Extent 431 с. 22 см.
653 ## - INDEX TERM--UNCONTROLLED
Uncontrolled term Курс высшей алгебры Учеб. гос. ун-тов
942 ## - ADDED ENTRY ELEMENTS (KOHA)
Koha item type წიგნი
ეგზემპლარები
Withdrawn status Lost status Damaged status Not for loan Date acquired Barcode Date last seen Price effective from Koha item type
        2018-12-17 16362 2018-12-17 2018-12-17 წიგნი